| 000 | 01571nam a22003377a 4500 | ||
|---|---|---|---|
| 003 | OSt | ||
| 005 | 20250808125227.0 | ||
| 008 | 210915b2009 ck a|||br|||| 00| j spa d | ||
| 020 | _a9789588471129 | ||
| 040 |
_aCO-JMCR _cCO-JMCR |
||
| 041 | 0 | _aspa | |
| 082 | 0 | 4 |
_aC _bAKIh _223 |
| 100 | 1 |
_aAkinari, Ueda, _eautor _940509 |
|
| 245 | 1 | 0 |
_aHistorias con misterio / _cUeda Akinari, E.T.A. Hoffmann, Villiers De L´isle-Adam [y 1 más] ; ilustraciones de Rafael Yockteng ; selección e introducción de Julio Paredes Castro |
| 250 | _aPrimera edición | ||
| 260 |
_aBogotá : _bAlcaldía Mayor de Bogotá : Secretaría Distrital de Cultura, Recreación y Deporte : Fundación Gilberto Alzate Avendaño, _c2009 |
||
| 300 |
_a84 páginas : _bilustraciones a blanco y negro ; _c17 cm. |
||
| 490 | 0 |
_aLibro al viento ; _v60 |
|
| 505 | 0 |
_tLa carpa de mis sueños / _rUeda Akinari _tHistoria de fantasmas / _rE. T. A. Hoffmann _tLa desconocida / _rVilliers de L`isle-Adam _tEl anillo de los enamorados / _rG. K. Chesterton |
|
| 650 | 1 | 4 |
_aCuentos _xColecciones _940510 |
| 650 | 2 | 4 |
_aMisterio en la literatura _9790 |
| 650 | 2 | 4 |
_aSentimientos en la literatura _940496 |
| 650 | 2 | 4 |
_aTerror en la literatura _913931 |
| 650 | 2 | 4 |
_aArte en la literatura _940511 |
| 650 | 2 | 4 |
_aImaginación fantástica en la literatura _940512 |
| 700 | 1 |
_aHoffmann, E.T.A., _eautor _940513 |
|
| 700 | 1 |
_aL´isle-Adam, Villiers De, _eautor _940514 |
|
| 700 | 1 |
_aYockteng, Rafael, _eilustrador _9101 |
|
| 700 | 1 |
_aParedes Castro, Julio, _eautor de introducción _914038 |
|
| 942 |
_2ddc _cBK |
||
| 999 |
_c15609 _d15609 |
||